Inside reporting : (Record no. 2785)

000 -LEADER
fixed length control field 01758cam a22003614a 4500
001 - CONTROL NUMBER
control field 14336555
003 - CONTROL NUMBER IDENTIFIER
control field OSt
005 - DATE AND TIME OF LATEST TRANSACTION
control field 20180117085949.0
008 - FIXED-LENGTH DATA ELEMENTS--GENERAL INFORMATION
fixed length control field 060411s2007 maua b 011 0 eng
010 ## - LIBRARY OF CONGRESS CONTROL NUMBER
LC control number 2006046195
020 ## - INTERNATIONAL STANDARD BOOK NUMBER
International Standard Book Number 0073526142 (alk. paper)
020 ## - INTERNATIONAL STANDARD BOOK NUMBER
International Standard Book Number 9780073526140
035 ## - SYSTEM CONTROL NUMBER
System control number (OCoLC)ocm67346434
040 ## - CATALOGING SOURCE
Original cataloging agency DLC
Transcribing agency DLC
Modifying agency BAKER
-- C#P
-- DLC
042 ## - AUTHENTICATION CODE
Authentication code pcc
050 00 - LIBRARY OF CONGRESS CALL NUMBER
Classification number PN4781
Item number .H343 2007
082 00 - DEWEY DECIMAL CLASSIFICATION NUMBER
Classification number 070.4/3
Edition number 22
100 1# - MAIN ENTRY--PERSONAL NAME
Personal name Harrower, Tim.
245 10 - TITLE STATEMENT
Title Inside reporting :
Remainder of title a practical guide to the craft of journalism /
Statement of responsibility, etc. Tim Harrower.
260 ## - PUBLICATION, DISTRIBUTION, ETC.
Place of publication, distribution, etc. Boston :
Name of publisher, distributor, etc. McGraw-Hill,
Date of publication, distribution, etc. c2007.
300 ## - PHYSICAL DESCRIPTION
Extent 325 p. :
Other physical details ill. (chiefly col.) ;
Dimensions 28 cm.
504 ## - BIBLIOGRAPHY, ETC. NOTE
Bibliography, etc. note Includes bibliographical references (p. 310-311) and index.
650 #0 - SUBJECT ADDED ENTRY--TOPICAL TERM
Topical term or geographic name entry element Reporters and reporting.
856 41 - ELECTRONIC LOCATION AND ACCESS
Materials specified Table of contents
Uniform Resource Identifier <a href="http://www.loc.gov/catdir/enhancements/fy0634/2006046195-t.html">http://www.loc.gov/catdir/enhancements/fy0634/2006046195-t.html</a>
856 42 - ELECTRONIC LOCATION AND ACCESS
Materials specified Publisher description
Uniform Resource Identifier <a href="http://www.loc.gov/catdir/enhancements/fy0642/2006046195-d.html">http://www.loc.gov/catdir/enhancements/fy0642/2006046195-d.html</a>
856 42 - ELECTRONIC LOCATION AND ACCESS
Materials specified Contributor biographical information
Uniform Resource Identifier <a href="http://www.loc.gov/catdir/enhancements/fy0737/2006046195-b.html">http://www.loc.gov/catdir/enhancements/fy0737/2006046195-b.html</a>
906 ## - LOCAL DATA ELEMENT F, LDF (RLIN)
a 7
b cbc
c orignew
d 1
e ocip
f 20
g y-gencatlg
942 ## - ADDED ENTRY ELEMENTS (KOHA)
Source of classification or shelving scheme
Koha item type Book
Holdings
Withdrawn status Lost status Source of classification or shelving scheme Damaged status Not for loan Permanent Location Current Location Shelving location Date acquired Total Checkouts Full call number Barcode Date last seen Price effective from Koha item type
          Central Library (CL) Central Library (CL) First Floor - Journalism 03/17/2016   302.23 HAR S3H-N-149 03/17/2016 03/17/2016 Book
          Central Library (CL) Central Library (CL) First Floor - Journalism 03/18/2016   302.23 HAR S3H-N-148 03/18/2016 03/18/2016 Book
          Central Library (CL) Central Library (CL) First Floor - Journalism 03/18/2016   302.23 HAR S3H-N-150 03/18/2016 03/18/2016 Book
© 2023 Central Library, National University of Sciences and Technology. All Rights Reserved.